<?xml version="1.0" encoding="UTF-8"?>
<collection xmlns:xsi="http://www.w3.org/2001/XMLSchema-instance" xsi:schemaLocation="http://www.loc.gov/MARC21/slim http://www.loc.gov/standards/marcxml/schema/MARC21slim.xsd" xmlns="http://www.loc.gov/MARC21/slim">
 <record>
  <leader>00000aam a22000007  4500</leader>
  <controlfield tag="001">07719</controlfield>
  <controlfield tag="003">OSt</controlfield>
  <controlfield tag="005">20171018100216.0</controlfield>
  <controlfield tag="008">160501s1879    it            000 0 ita  </controlfield>
  <datafield tag="040" ind1=" " ind2=" ">
   <subfield code="c">Gianfranco Bandini - Firenze - CLIO</subfield>
  </datafield>
  <datafield tag="041" ind1=" " ind2="1">
   <subfield code="a">ita</subfield>
  </datafield>
  <datafield tag="100" ind1="1" ind2=" ">
   <subfield code="a">Fanfani, Pietro.</subfield>
  </datafield>
  <datafield tag="245" ind1="0" ind2="0">
   <subfield code="a">Novelle e ghiribizzi</subfield>
  </datafield>
  <datafield tag="260" ind1=" " ind2=" ">
   <subfield code="a">Milano</subfield>
   <subfield code="b">Carrara</subfield>
   <subfield code="c">1879</subfield>
  </datafield>
  <datafield tag="300" ind1=" " ind2=" ">
   <subfield code="a">IV, 219, 1/x ; </subfield>
  </datafield>
  <datafield tag="901" ind1=" " ind2=" ">
   <subfield code="a">7</subfield>
  </datafield>
  <datafield tag="942" ind1=" " ind2=" ">
   <subfield code="2">ddc</subfield>
   <subfield code="c">BK</subfield>
  </datafield>
  <datafield tag="546" ind1=" " ind2=" ">
   <subfield code="a">ita</subfield>
  </datafield>
  <datafield tag="999" ind1=" " ind2=" ">
   <subfield code="c">7708</subfield>
   <subfield code="d">7708</subfield>
  </datafield>
  <datafield tag="999" ind1=" " ind2=" ">
   <subfield code="c">edisco:7708</subfield>
   <subfield code="d">7708</subfield>
  </datafield>
 </record>
</collection>
